[Event "AUTO-OPEN-4265"]
[Site "http://www.queenalice.com/game.php?id=1770816"]
[Date "2021.9.26"]
[Round "2"]
[White "Toits"]
[Black "Dangermouse"]
[Result "1-0"]
[WhiteElo "2572"]
[BlackElo "2092"]

1. e4 e6 2. Nc3 d5 3. d4 c5 4. exd5 exd5 5. dxc5 Nf6 6. Be3 Be7 7. Bb5+ Nc6 8.
Nge2 a6 9. Bxc6+ bxc6 10. Na4 O-O 11. O-O Re8 12. Re1 Ne4 13. f3 Ng5 14. Nd4 Bd7
15. Qd2 Ne6 16. Nb6 Rb8 17. b4 Bh4 18. Re2 Nxd4 19. Bxd4 Rxe2 20. Qxe2 Bf5 21.
c3 Bf6 22. Re1 h5 23. Bxf6 Qxf6 24. Qe5 Qxe5 25. Rxe5 g6 26. Kf2 Be6 27. Re2 Bf5
28. Re7 h4 29. Rc7 Rd8 30. Rxc6 1-0

[Event "AUTO-OPEN-4265"]
[Site "http://www.queenalice.com/game.php?id=1770819"]
[Date "2021.9.26"]
[Round "2"]
[White "Nigel68"]
[Black "Toits"]
[Result "0-1"]
[WhiteElo "1755"]
[BlackElo "2571"]

1. Nf3 d5 2. e3 c5 3. d3 Nc6 4. c3 e5 5. b3 Bd6 6. Be2 Nf6 7. Bd2 e4 8. Ng1 O-O
9. h4 exd3 10. Bxd3 Re8 11. Nf3 Bg4 12. Be2 Qe7 13. Ng5 Bf5 14. g4 Bd7 15. h5 h6
16. Nh3 Rad8 17. c4 d4 18. Nf4 Bxf4 19. exf4 d3 20. Be3 dxe2 21. Qxe2 Nd4 22.
Qd1 Qe6 23. f5 Qe4 24. Rh4 Nc2+ 0-1

[Event "AUTO-OPEN-4265"]
[Site "http://www.queenalice.com/game.php?id=1770820"]
[Date "2021.9.26"]
[Round "2"]
[White "Toits"]
[Black "Nigel68"]
[Result "1-0"]
[WhiteElo "2570"]
[BlackElo "1752"]

1. Nf3 b6 2. e4 c6 3. d4 d6 4. Nc3 Nf6 5. Bd3 e6 6. O-O Be7 7. e5 Ng8 8. exd6
Bxd6 9. Ne5 Nf6 10. Qf3 Bb7 11. Ne4 O-O 12. Nxf6+ Qxf6 13. Qh3 g6 14. Bh6 Re8
15. f4 Qh8 16. Rae1 f5 17. Bxf5 exf5 18. Qb3+ 1-0

[Event "AUTO-ELITE-2379"]
[Site "http://www.queenalice.com/game.php?id=1776348"]
[Date "2021.12.5"]
[Round "1"]
[White "Toits"]
[Black "trompmaster"]
[Result "1-0"]
[WhiteElo "2572"]
[BlackElo "2428"]

1. d4 d6 2. Nf3 Nd7 3. e4 e5 4. c4 Be7 5. Nc3 c6 6. Be2 h6 7. h3 Ngf6 8. Be3 Qc7
9. Qc2 Nf8 10. a4 a5 11. O-O g5 12. Rad1 Ng6 13. c5 g4 14. cxd6 Bxd6 15. Nxe5
gxh3 16. g3 Nxe5 17. dxe5 Bxe5 18. f4 Ng4 19. Bc5 Bxc3 20. Qxc3 Rg8 21. Kh1 h5
22. Bd6 Qd7 23. f5 f6 24. e5 Qh7 25. Bxg4 Rxg4 26. exf6 Bxf5 27. Qe5+ 1-0

[Event "AUTO-ELITE-2379"]
[Site "http://www.queenalice.com/game.php?id=1776349"]
[Date "2021.12.5"]
[Round "1"]
[White "trompmaster"]
[Black "Toits"]
[Result "0-1"]
[WhiteElo "2438"]
[BlackElo "2577"]

1. d3 d5 2. Nd2 c5 3. e4 Nf6 4. Ngf3 Nc6 5. h3 e5 6. c3 Be7 7. Be2 O-O 8. Qc2 h6
9. g4 b5 10. Nf1 a5 11. Ng3 a4 12. Nf5 Bxf5 13. gxf5 b4 14. Rg1 Kh8 15. a3 Na5
16. Nxe5 Nb3 17. Rb1 Qc7 18. Ng4 Nxc1 19. Rxc1 bxa3 20. bxa3 Rfb8 21. exd5 Rb3
22. Ne3 Rab8 23. Bf3 Qh2 24. Rg2 Qxh3 25. Rg3 Qh2 26. Rg2 Qf4 27. Rg3 Rb2 28.
Qd1 Bd6 29. Kf1 Rxf2+ 30. Kxf2 Qxg3+ 31. Ke2 Bf4 32. Qe1 Qg5 0-1

[Event "AUTO-ELITE-2383"]
[Site "http://www.queenalice.com/game.php?id=1777810"]
[Date "2021.12.20"]
[Round "1"]
[White "Donidon"]
[Black "Toits"]
[Result "0-1"]
[WhiteElo "2434"]
[BlackElo "2614"]

1. e4 c5 2. Nf3 d6 3. d4 cxd4 4. Nxd4 Nf6 5. Nc3 a6 6. Bc4 e6 7. O-O Be7 8. Bb3
O-O 9. Bg5 b5 10. a3 h6 11. Bxf6 Bxf6 12. Nde2 Nc6 13. Qd3 Qb6 14. Kh1 Ne5 15.
Qg3 Nc4 16. Bxc4 bxc4 17. Rab1 Bb7 18. f4 Rab8 19. e5 Be7 20. h4 Ba8 21. Ng1 d5
22. b3 cxb3 23. Rxb3 Qc5 24. Nce2 d4 25. Rd3 Rfd8 26. c3 dxc3 27. Rxc3 Qd5 28.
Qf3 Rb2 29. Qxd5 Bxd5 30. h5 Ra2 31. Rfc1 Bxa3 32. Rc8 Rxc8 33. Rxc8+ Kh7 34.
Kh2 a5 35. Kg3 a4 36. f5 Bb2 37. Kf4 Ra1 38. fxe6 Bxe6 39. Rb8 a3 40. Nf3 Rd1
41. g4 Rf1 42. Rb5 Bc4 43. Rxb2 axb2 44. Nc3 Rc1 0-1

[Event "AUTO-ELITE-2383"]
[Site "http://www.queenalice.com/game.php?id=1777811"]
[Date "2021.12.20"]
[Round "1"]
[White "Toits"]
[Black "Donidon"]
[Result "1-0"]
[WhiteElo "2602"]
[BlackElo "2439"]

1. b3 Nf6 2. Bb2 d5 3. g3 Nc6 4. Nf3 g6 5. Bg2 Bg7 6. O-O O-O 7. d4 e6 8. c4 Bd7
9. Qc2 Nb4 10. Qc1 Ne4 11. Nc3 Nxc3 12. Bxc3 a5 13. Qd2 Qe7 14. Rfe1 c5 15. dxc5
Qxc5 16. Bxg7 Kxg7 17. Red1 Qe7 18. Qb2+ f6 19. a3 Na6 20. cxd5 exd5 21. Rxd5
Bc6 22. Rxa5 b6 23. Rg5 Nc5 24. Rg4 h5 25. Rb4 Rab8 26. h4 Rfd8 27. Rc1 Be4 28.
Nd4 Bxg2 29. Kxg2 Qe4+ 30. Nf3 Qf5 31. Rf4 Qe6 32. b4 Ne4 33. Rxe4 Qxe4 34. Rc7+
1-0

[Event "AUTO-ELITE-2383"]
[Site "http://www.queenalice.com/game.php?id=1777816"]
[Date "2021.12.20"]
[Round "1"]
[White "Toits"]
[Black "BEBADO"]
[Result "1-0"]
[WhiteElo "2590"]
[BlackElo "2199"]

1. c4 e6 2. Nc3 d5 3. d4 Nf6 4. cxd5 exd5 5. Bg5 Be7 6. e3 O-O 7. Bd3 Nbd7 8.
Nge2 Re8 9. O-O c6 10. Qc2 Nf8 11. f3 Ng6 12. Rad1 1-0

[Event "AUTO-ELITE-2383"]
[Site "http://www.queenalice.com/game.php?id=1777817"]
[Date "2021.12.20"]
[Round "1"]
[White "BEBADO"]
[Black "Toits"]
[Result "0-1"]
[WhiteElo "2198"]
[BlackElo "2591"]

1. d4 d5 2. Nf3 Nf6 3. e3 e6 4. Bd3 c5 5. c3 Bd6 6. O-O O-O 7. Nbd2 Nc6 8. dxc5
Bxc5 9. b4 Bd6 10. a3 e5 11. e4 Bc7 12. c4 dxe4 13. Nxe4 Bf5 0-1

[Event "AUTO-ELITE-2379"]
[Site "http://www.queenalice.com/game.php?id=1779672"]
[Date "2022.1.8"]
[Round "2"]
[White "Toits"]
[Black "Sexxy_Bunny"]
[Result "1/2-1/2"]
[WhiteElo "2592"]
[BlackElo "2850"]

1. e4 c5 2. Nf3 d6 3. d4 cxd4 4. Nxd4 Nf6 5. Nc3 a6 6. Bd3 e5 7. Nde2 Be7 8. O-O
O-O 9. h3 Be6 10. f4 Qc7 11. a4 Nbd7 12. Kh1 Rac8 13. Be3 h6 14. Qd2 Rfd8 15. a5
Bf8 16. Qe1 Re8 17. Qf2 Qd8 18. Qf3 Be7 19. Ra4 Nc5 20. Raa1 exf4 21. Nxf4 Nfd7
22. Nfd5 Bg5 23. Bd4 Ne5 24. Qe2 Ncd7 25. Bg1 Bh4 26. Bh2 Bf6 27. Qd2 Bh4 28.
Qe2 Bf6 29. Nxf6+ Nxf6 30. Qd2 Nc4 31. Bxc4 Bxc4 32. Rfe1 Re6 33. b3 Bb5 34.
Nxb5 axb5 35. e5 dxe5 36. Qxd8+ Rxd8 37. Bxe5 Rd2 38. Bxf6 Rxf6 39. Re7 Rg6 40.
Rg1 Ra6 41. Rf1 Rg6 42. Rg1 1/2-1/2

[Event "AUTO-ELITE-2379"]
[Site "http://www.queenalice.com/game.php?id=1779673"]
[Date "2022.1.8"]
[Round "2"]
[White "Sexxy_Bunny"]
[Black "Toits"]
[Result "1/2-1/2"]
[WhiteElo "2839"]
[BlackElo "2597"]

1. e4 c6 2. d4 d5 3. e5 c5 4. dxc5 e6 5. Be3 Nd7 6. Bb5 Ne7 7. Nf3 Nc6 8. c3
Bxc5 9. Bxc5 Nxc5 10. O-O O-O 11. Nbd2 Bd7 12. Bxc6 bxc6 13. b4 Nb7 14. a4 a5
15. Nb3 Qe7 16. Qd2 Ra6 17. Nfd4 h6 18. Ra2 Raa8 19. Nf3 axb4 20. cxb4 c5 21.
Nxc5 Nxc5 22. bxc5 Qxc5 23. a5 Rfc8 24. Rb1 Qa7 25. h3 Rc5 26. a6 Bc8 27. g4
Bxa6 28. g5 h5 29. g6 fxg6 30. Rba1 Rc6 31. Nd4 Rb6 32. Nxe6 Rxe6 33. Qxd5 Kf7
34. Ra4 Ke7 35. Rf4 Rc8 36. Qf3 Qc5 37. Rf7+ Ke8 38. Rxg7 Qf8 39. Qd5 Qf5 40.
Rg8+ Kf7 41. Rxc8 Qg5+ 42. Kh1 Bxc8 43. Ra7+ Kg8 44. Rc7 Qxe5 45. Rxc8+ Kh7 46.
Rc7+ Qxc7 47. Qxe6 Kg7 48. Kg2 Kh6 49. Qf6 Qb7+ 50. Kg3 Kh7 51. Kf4 Qc7+ 52. Ke3
Qg7 53. Qxg7+ Kxg7 54. Kf4 Kf6 55. h4 g5+ 56. hxg5+ Kg6 57. f3 h4 58. Kg4 h3 59.
Kxh3 Kxg5 60. Kg3 Kf5 61. f4 Kf6 62. Kg4 Kg6 63. f5+ Kg7 64. Kg5 Kf7 65. f6 Kf8
66. Kg6 Kg8 67. f7+ Kf8 68. Kf6 1/2-1/2

[Event "AUTO-OPEN-4265"]
[Site "http://www.queenalice.com/game.php?id=1779931"]
[Date "2022.1.11"]
[Round "3"]
[White "josekasparov"]
[Black "Toits"]
[Result "0-1"]
[WhiteElo "2559"]
[BlackElo "2618"]

1. e4 c6 2. d4 d5 3. e5 Bf5 4. h4 h5 5. Bd3 Bxd3 6. Qxd3 e6 7. Nf3 Qa5+ 8. Nbd2
Nh6 9. O-O Nf5 10. c4 Be7 11. g3 O-O 12. cxd5 cxd5 13. Nb3 Qa6 14. Qxa6 Nxa6 15.
Bg5 Bxg5 16. hxg5 Rfc8 17. Rac1 Nb4 18. g6 Nd3 19. gxf7+ Kxf7 20. Rb1 Rc2 21.
Ne1 Nxe1 22. Rfxe1 b6 23. Kf1 Rac8 24. Re2 g5 25. Rbe1 Rxe2 26. Rxe2 a5 27. Re1
Kg6 28. Rd1 Rc4 29. Ke2 Rb4 30. Rd2 a4 31. Nc1 Nxd4+ 32. Ke3 Nc6 33. f4 Re4+ 0-1

[Event "AUTO-OPEN-4265"]
[Site "http://www.queenalice.com/game.php?id=1779932"]
[Date "2022.1.11"]
[Round "3"]
[White "Toits"]
[Black "josekasparov"]
[Result "1-0"]
[WhiteElo "2607"]
[BlackElo "2566"]

1. e4 c5 2. Nf3 d6 3. d4 cxd4 4. Nxd4 Nf6 5. Nc3 a6 6. Bd3 e5 7. Nde2 Be6 8. f4
Qc7 9. O-O Nbd7 10. Kh1 b5 11. a3 Be7 12. f5 Bc4 13. Ng3 h5 14. Re1 Rb8 15. h3
a5 16. a4 b4 17. Nb5 Bxb5 18. Bxb5 Rc8 19. Bg5 Ng4 20. Be3 Nf6 21. Qf3 h4 22.
Nf1 O-O 23. Bg5 Qxc2 24. Bxd7 1-0

[Event "AUTO-ELITE-2350"]
[Site "http://www.queenalice.com/game.php?id=1780732"]
[Date "2022.1.18"]
[Round "2"]
[White "Toits"]
[Black "grotegeest"]
[Result "1-0"]
[WhiteElo "2638"]
[BlackElo "2801"]

1. Nf3 c5 2. e4 d6 3. d4 cxd4 4. Nxd4 Nf6 5. Nc3 g6 6. Be3 Bg7 7. f3 O-O 8. Qd2
Nc6 9. O-O-O d5 10. exd5 Nxd5 11. Nxc6 bxc6 12. Bd4 e5 13. Bc5 Re8 14. Ne4 Be6
15. h4 h6 16. h5 g5 17. g4 Qc7 18. Bc4 Red8 19. Qf2 a5 20. a4 Rab8 21. Rd2 f5
22. gxf5 Bxf5 23. Rhd1 Bh7 24. Nc3 Kh8 25. Nxd5 cxd5 26. Rxd5 Rxd5 27. Bxd5 e4
28. fxe4 Bxb2+ 29. Kd2 Qg7 30. Ke2 Be5 31. Bd4 Rd8 32. Bxe5 Qxe5 33. Qd4 Qxd4
34. Rxd4 1-0

[Event "AUTO-ELITE-2350"]
[Site "http://www.queenalice.com/game.php?id=1780733"]
[Date "2022.1.18"]
[Round "2"]
[White "grotegeest"]
[Black "Toits"]
[Result "1-0"]
[WhiteElo "2821"]
[BlackElo "2669"]

1. e4 e5 2. Bc4 Nf6 3. d3 c6 4. Nf3 d5 5. Bb3 Bd6 6. Nc3 O-O 7. O-O dxe4 8. Nxe4
Nxe4 9. dxe4 Na6 10. h3 Nc5 11. Be3 Qe7 12. Bxc5 Bxc5 13. a4 a5 14. Qd2 Kh8 15.
Rad1 f6 16. Bc4 g6 17. Qe2 Bd7 18. Rd3 Rae8 19. Qd2 Bc8 20. Re1 Bb6 21. Bb3 Kg7
22. Re2 Bc7 23. Re1 Bd8 24. Re2 Bc7 25. Re1 Qc5 26. Re2 Qb4 27. Qd1 Qc5 28. Red2
Bb6 29. c3 Re7 30. Re2 f5 31. Nd2 Ba7 32. Ba2 Ree8 33. Bb1 Rf6 34. Bc2 Kh8 35.
Nf3 Bb6 36. Rdd2 Rff8 37. exf5 gxf5 38. b4 Qe7 39. Rxe5 Qg7 40. Rxe8 Rxe8 41.
Bb3 Qxc3 42. bxa5 Bxa5 43. Re2 Rd8 44. Qb1 Qf6 45. Qc1 Bc7 46. Qe1 Rf8 47. Ne5
Be6 48. Bxe6 Qxe6 49. Nf3 Qf6 50. Re7 Rf7 51. Re6 Qg7 52. g3 Bb6 53. Kg2 Bc5 54.
Qc1 Bf8 55. Qf4 Rf6 56. Re8 h6 57. Qd4 Kh7 58. Rd8 Rf7 59. Ne5 Rc7 60. f4 Qf6
61. Rd7+ Rxd7 62. Qxd7+ Qe7 63. Qxf5+ Kg8 64. Qc8 Kh7 65. h4 Bg7 66. Qf5+ Kg8
67. Qc8+ Kh7 68. h5 Qd6 69. Qf5+ Kg8 70. Qf7+ Kh7 71. Qg6+ Qxg6 72. hxg6+ Kg8
73. Kf3 h5 74. Ke4 1-0

[Event "Challenge"]
[Site "http://www.queenalice.com/game.php?id=1785446"]
[Date "2022.3.22"]
[Round "-"]
[White "TheWatcher"]
[Black "Toits"]
[Result "0-1"]
[WhiteElo "2177"]
[BlackElo "2625"]

1. e4 c6 2. d4 d5 3. Nd2 dxe4 4. Nxe4 Bf5 5. Ng3 Bg6 6. f4 e6 7. h4 h5 8. Bc4
Nd7 9. Qe2 Nh6 10. Nf3 Nf5 11. Nxf5 Bxf5 12. Be3 Nf6 13. O-O-O b5 14. Bb3 Bd6
15. Ne5 a5 16. a4 bxa4 17. Bxa4 O-O 18. Bxc6 Rc8 19. Rd2 Bb4 20. c3 Rxc6 21.
Nxc6 Qd5 22. Rc2 Qxc6 23. cxb4 Qa4 24. Qd1 Ne4 0-1

[Event "AUTO-ELITE-2383"]
[Site "http://www.queenalice.com/game.php?id=1792267"]
[Date "2022.7.11"]
[Round "2"]
[White "Matt24"]
[Black "Toits"]
[Result "0-1"]
[WhiteElo "2731"]
[BlackElo "2649"]

1. d4 Nf6 2. c4 e6 3. Nf3 d5 4. Nc3 Bb4 5. e3 O-O 6. Bd2 b6 7. cxd5 exd5 8. Bd3
Bd6 9. O-O Re8 10. Qc2 c5 11. Nb5 Bf8 12. dxc5 bxc5 13. b3 Bb7 14. Nc3 Nc6 15.
a3 g6 16. Rfe1 Rc8 17. Rad1 d4 18. Ne2 Ng4 19. Nf4 Bd6 20. e4 Nce5 21. Nxe5 Nxe5
22. Be2 Qh4 23. g3 Qf6 24. h4 h6 25. Rb1 d3 26. Bxd3 Nf3+ 27. Kg2 Bxf4 0-1

[Event "AUTO-ELITE-2383"]
[Site "http://www.queenalice.com/game.php?id=1792268"]
[Date "2022.7.11"]
[Round "2"]
[White "Toits"]
[Black "Matt24"]
[Result "1-0"]
[WhiteElo "2659"]
[BlackElo "2721"]

1. Nf3 Nf6 2. c4 Nc6 3. d4 e6 4. e3 d5 5. a3 Be7 6. Nbd2 a5 7. b3 O-O 8. Qc2 Nb8
9. Bd3 Nbd7 10. g4 g6 11. h4 Nxg4 12. h5 f5 13. Bb2 c6 14. hxg6 hxg6 15. Rg1 Kg7
16. Rg2 b5 17. c5 Rh8 18. O-O-O Ba6 19. e4 Qf8 20. exf5 exf5 21. Ne5 Ndxe5 22.
dxe5 b4 23. Bxa6 Rxa6 24. a4 Rh3 25. Kb1 Ra7 26. Rdg1 Kh7 27. Qd1 1-0

[Event "Challenge"]
[Site "http://www.queenalice.com/game.php?id=1794875"]
[Date "2022.8.24"]
[Round "-"]
[White "Toits"]
[Black "bahouais"]
[Result "1-0"]
[WhiteElo "2668"]
[BlackElo "2040"]

1. Nf3 d5 2. g3 Bg4 3. Bg2 c6 4. h3 Bh5 5. c4 e6 6. O-O Nd7 7. cxd5 cxd5 8. Nc3
Ngf6 9. Qb3 Nc5 10. Qb5+ Qd7 11. Ne5 Qxb5 12. Nxb5 Kd8 13. g4 Bg6 14. d4 Ncd7
15. f4 a6 16. Nc3 Bd6 17. f5 exf5 18. Bf4 Bb4 19. gxf5 Bxc3 20. bxc3 Bh5 21.
Rfb1 Ra7 22. c4 Bxe2 23. Nxf7+ 1-0